| 000 | 00766nam a2200289Ia 4500 | ||
|---|---|---|---|
| 008 | 170203s9999 xx 000 0 und d | ||
| 020 | _a0 71729269X | ||
| 050 | _a0 30 | ||
| 050 | _bW183u 1998 | ||
| 100 | _aWalker, Richard, 1951- | ||
| 245 | _aMaking life : | ||
| 245 | _bhow we reproduce and grow / | ||
| 245 | _cRichard Walker. | ||
| 260 | _aDanbury, Connecticut : | ||
| 260 | _bGrolier Educational, | ||
| 260 | _c1998 | ||
| 300 | _a48 pages : | ||
| 300 | _bcolor illustrations ; | ||
| 300 | _c29 cm. | ||
| 440 | _aUnder the microscope. | ||
| 440 | _vvol. 4 | ||
| 650 | _aHuman physiology -- | ||
| 650 | _aHuman reproduction -- . | ||
| 650 | _xJuvenile literature | ||
| 650 | _xJuvenile literature. | ||
| 700 | _a0717292657 (set) | ||
| 999 |
_c305661 _d305661 |
||